|
|
|
|
| LEADER |
00000nab a2200000 ar4500 |
| 001 |
vtls009003464 |
| 003 |
SK-MaSNL |
| 005 |
20260319071256.0 |
| 008 |
070521c2007 xo ||||||o| 000 b|hun |
| 015 |
|
|
|a SNBRB2007/05
|2 snkbucl
|
| 038 |
|
|
|a SNKBUCL
|
| 040 |
|
|
|a DSZK
|b slo
|c DSZK
|e AACR2
|
| 041 |
0 |
|
|a hun
|
| 044 |
|
|
|a xo
|c SK
|
| 080 |
|
|
|a 141.33
|x (048)
|2 1997
|
| 100 |
1 |
|
|a Vámos, Béla
|4 aut
|9 875871
|
| 245 |
1 |
3 |
|a Az ezoterikus tan mint segítség az életben?
|c Vámos Béla
|
| 650 |
0 |
7 |
|a ezoterika
|2 snkbucl
|9 2083
|
| 655 |
|
7 |
|a recenzie
|2 snkbucl
|9 21907
|
| 773 |
0 |
|
|t Kálvinista szemle
|g Évf. LXXVIII, sz. 4 (2007), o. 5
|x 1335-7298
|
| 787 |
0 |
8 |
|i Rec.:
|a Gassmann, Lothar
|t Az ezoterikus tan mint segítség az életben?
|d Budapest : Evangéliumi Kiadó, 2006
|
| 852 |
|
|
|a SNK
|b KIS3GCP
|
| 852 |
|
|
|a DSZK
|b KIS3GCP
|
| 958 |
|
|
|a HU
|
| 958 |
|
|
|a RC
|
| 999 |
|
|
|c 1751715
|d 1753645
|